A Plane for Zane / (Record no. 185447)
[ view plain ]
| 000 -LEADER | |
|---|---|
| fixed length control field | 01039nam a22003017ia4500 |
| 005 - DATE AND TIME OF LATEST TRANSACTION | |
| control field | 20211013223107.0 |
| 008 - FIXED-LENGTH DATA ELEMENTS--GENERAL INFORMATION | |
| fixed length control field | 211013t20202020my a|||a |||| 00| 1 eng d |
| 020 ## - INTERNATIONAL STANDARD BOOK NUMBER | |
| International Standard Book Number | 9789837721982 |
| Terms of availability | RM9.90 |
| Qualifying information | paperback |
| 040 ## - CATALOGING SOURCE | |
| Original cataloging agency | PPAK |
| Language of cataloging | eng |
| Transcribing agency | PPAK |
| Description conventions | rda |
| 082 04 - DEWEY DECIMAL CLASSIFICATION NUMBER | |
| Edition number | 23 |
| Classification number | 428.6 |
| 090 00 - LOCALLY ASSIGNED LC-TYPE CALL NUMBER (OCLC); LOCAL CALL NUMBER (RLIN) | |
| Classification number (OCLC) (R) ; Classification number, CALL (RLIN) (NR) | 428.6 |
| Feature heading | REE |
| Feature heading | K |
| 100 1# - MAIN ENTRY--PERSONAL NAME | |
| Personal name | Reed, Susannah, |
| Relator term | author. |
| 245 12 - TITLE STATEMENT | |
| Title | A Plane for Zane / |
| Statement of responsibility, etc. | Written by Susannah Reed ; Illustrated by David Hurtado ; Editor Emma Wilkinson ; Series editor Rebecca Adlard |
| 264 #1 - PRODUCTION, PUBLICATION, DISTRIBUTION, MANUFACTURE, AND COPYRIGHT NOTICE | |
| Place of production, publication, distribution, manufacture | Petaling Jaya, Selangor : |
| Name of producer, publisher, distributor, manufacturer | Sasbadi Sdn. Bhd., |
| Date of production, publication, distribution, manufacture, or copyright notice | [2020?] |
| Date of production, publication, distribution, manufacture, or copyright notice | ©2020 |
| 300 ## - PHYSICAL DESCRIPTION | |
| Extent | 23 pages : |
| Other physical details | colour illustrations ; |
| Dimensions | 21 cm. |
| 336 ## - CONTENT TYPE | |
| Source | rdacontent |
| Content type term | text |
| 337 ## - MEDIA TYPE | |
| Source | rdamedia |
| Media type term | unmediated |
| 338 ## - CARRIER TYPE | |
| Source | rdacarrier |
| Carrier type term | volume |
| 490 1# - SERIES STATEMENT | |
| Series statement | Peapod Readers |
| 521 0# - TARGET AUDIENCE NOTE | |
| Target audience note | Reader level 3 CEFR Pre AI |
| 650 10 - SUBJECT ADDED ENTRY--TOPICAL TERM | |
| Topical term or geographic name entry element | English language |
| Form subdivision | Readers |
| 700 1# - ADDED ENTRY--PERSONAL NAME | |
| Personal name | Hurtado, David, |
| Relator term | illustrator. |
| Personal name | Wilkinson, Emma, |
| Relator term | editor. |
| Personal name | Adlard, Rebecca, |
| Relator term | editor. |
| 830 #0 - SERIES ADDED ENTRY--UNIFORM TITLE | |
| Uniform title | peapod readers |
| 942 ## - ADDED ENTRY ELEMENTS (KOHA) | |
| Source of classification or shelving scheme | Dewey Decimal Classification |
| Koha item type | Book |
| Withdrawn | Not for loan | Current library | Shelving location | Date acquired | Total Checkouts | Total Renewals | Full call number | Barcode | Date last seen | Date last checked out | Koha item type |
|---|---|---|---|---|---|---|---|---|---|---|---|
| Perpustakaan Alor Setar | Pinjaman Kanak-kanak | 23/03/2022 | 5 | 1 | K 428.6 REE | A01726459 | 04/11/2023 | 24/10/2023 | Book | ||
| Perpustakaan Awam Sungai Petani | Pinjaman Kanak-kanak | 23/03/2022 | 6 | 2 | K 428.6 REE | A01726460 | 24/12/2025 | 19/11/2025 | Book | ||
| Perpustakaan Baling | Pinjaman Kanak-kanak | 23/03/2022 | K 428.6 REE | A01726464 | 23/03/2022 | Book | |||||
| Perpustakaan Bandar Baharu | Pinjaman Kanak-kanak | 23/03/2022 | K 428.6 REE | A01726465 | 23/03/2022 | Book | |||||
| Perpustakaan Jitra | Pinjaman Kanak-kanak | 23/03/2022 | 2 | K 428.6 REE | A01726461 | 13/07/2024 | 06/07/2024 | Book | |||
| Perpustakaan Kuala Nerang | Pinjaman Kanak-kanak | 23/03/2022 | K 428.6 REE | A01726469 | 23/03/2022 | Book | |||||
| Perpustakaan Kulim | Pinjaman Kanak-kanak | 23/03/2022 | 1 | K 428.6 REE | A01726463 | 16/04/2025 | 06/04/2025 | Book | |||
| Perpustakaan Langkawi | Pinjaman Kanak-kanak | 23/03/2022 | 2 | K 428.6 REE | A01726462 | 08/10/2024 | 25/09/2024 | Book | |||
| Perpustakaan Merbok | Pinjaman Kanak-kanak | 23/03/2022 | 3 | K 428.6 REE | A01726466 | 13/06/2026 | 07/06/2026 | Book | |||
| Perpustakaan Pendang | Pinjaman Kanak-kanak | 23/03/2022 | K 428.6 REE | A01726470 | 23/03/2022 | Book | |||||
| Perpustakaan Sik | Pinjaman Kanak-kanak | 23/03/2022 | K 428.6 REE | A01726468 | 23/03/2022 | Book | |||||
| Perpustakaan Yan | Pinjaman Kanak-kanak | 23/03/2022 | K 428.6 REE | A01726467 | 23/03/2022 | Book | |||||
| Bergerak 5, Kulim | Pinjaman Kanak-kanak | 23/03/2022 | K 428.6 REE | A01726471 | 23/03/2022 | Book |